00329nam a22000977a 4500008004100000082001600041100003000057245011400087260002100201300000900222230609b xxu||||| |||| 00| 0 eng d a332.67bKNA cGovernment of Kenyad2007 aNational AssemblybFifteenth Report of the Public Investments Committee on the Accounts of State Corporations aKenyabGOKc2007 a534p